Logo BPK

Biblioteka

Politechniki Koszalińskiej

Covering the world : (Rekord nr 47908)

Szczegóły MARC
000 -ETYKIETA REKORDU
podpole kontrolne o stałej długości 00791nam a2200241 i 4500
001 - NUMER KONTROLNY REKORDU
pole kontrolne bgj
020 ## - MIĘDZYNARODOWY ZNORMALIZOWANY NUMER KSIĄŻKI - ISBN
ISBN 0870783459
040 ## - ŹRÓDŁO KATALOGOWANIA
Instytucja, która utworzyła rekord BPK
041 0# - KOD JĘZYKA
Kod języka tekstu eng
920 ## - Międzynarodowy znormalizowany numer książki – ISBN
ISBN 0-87078-345-9
008 - POLE O STAŁEJ DŁUGOŚCI - DANE KONTROLNE
podpole kontrolne o stałej długości s uk f |000 0 eng
100 1# - NAZWA OSOBOWA
Nazwa osobowa FRIEDLAND, Lewis A.
245 10 - TYTUŁ/ODPOWIEDZIALNOŚĆ
Tytuł Covering the world :
Ciąg dalszy tytułu international television news services : essay /
Pozostałe elementy strefy tytułu i oznaczenia odpowiedzialności essey by Lewis A. Friedland ; series editor Suzanne Charle.
260 ## - STREFA ADRESU WYDAWNICZEGO
Miejsce wydania [New York] :
Nazwa wydawcy/dystrybutora A Twentieth Century Fund,
Data publikacji, dystrybucji/powstania dokumentu cop. 1992.
300 ## - STREFA OPISU FIZYCZNEGO
Objętość [IV], 61 pp ;
Rozmiary 23 cm.
490 1# - STREFA SERII I DOKUMENTU WIELOCZĘŚCIOWEGO - FORMA NIE DO WYSZUKIWANIA
Tytuł i oznaczenie odpowiedzialności serii A Twentieth Century Fund Paper
504 ## - UWAGA DOTYCZĄCA BIBLIOGRAFII
Informacje o bibliografii Bibliography p. 51-56.
505 ## - SFORMALIZOWANA UWAGA DOTYCZĄCA ZAWARTOŚCI
Pełny tekst uwagi Includes index.
650 #9 - HASŁO PRZEDMIOTOWE W FORMIE NAZWY OGÓLNEJ LUB JEDNOSTKOWEJ
Nazwa ogólna lub geograficzna Television broadcasting of news
700 1# - HASŁO DODATKOWE - NAZWA OSOBOWA
Nazwa osobowa Charle, Suzanne.
Określenie związku między hasłem a opisywanym materiałem series editor
830 ## - HASŁO DODATKOWE SERII LUB DOKUMENTU WIELOCZĘŚCIOWEGO - TYTUŁ UJEDNOLICONY
Tytuł ujednolicony A Twentieth Century Fund Paper
856 ## - LOKALIZACJA I DOSTĘP DO ELEKTRONICZNYCH DOKUMENTÓW ZDALNYCH
Link (URL) http://koha.tu.koszalin.pl/cgi-bin/koha/opac-detail.pl?biblionumber=47908
Tekst linku Katalog online BPK
942 ## - DODATKOWE ELEMENTY (KOHA)
Typ dokumentu Książka
Egzemplarze
Wycofany Status egzemplarza Uszkodzony Dostępność Lokalizacja stała Lokalizacja bieżąca Miejsce przechowywania Sygnatura Kod kreskowy Typ dokumentu
      Dostępny Biblioteka Politechniki Koszalińskiej Biblioteka Politechniki Koszalińskiej Wypożyczalnia Językowa KA 4676 09013636 Książka
© 2023 Biblioteka Politechniki Koszalińskiej :: KOHA